000
00400nam a2200181Ia 4500
008
100917s9999 xx 000 0 und d
082
_b
6598
100
_a
भावे पु. भा.
245
_a
नौका
260
_b
---
_c
1963
300
_a
142
365
_b
4
520
_a
कथा
630
_a
नौका
650
_a
कथा
730
_a
नौका
942
_c
BOOK
999
_c
611992
_d
611989